La antigua civilización de las Islas Filipinas (Record no. 159020)

MARC details
000 -LEADER
campo de control de longitud fija 00731nam a22001935i 4500
001 - NÚMERO DE CONTROL
campo de control 159020
003 - IDENTIFICADOR DE NÚMERO DE CONTROL
campo de control ES-MaACL
005 - FECHA Y HORA DE LA ÚLTIMA TRANSACCIÓN
campo de control 20250524063053.0
008 - DATOS DE LONGITUD FIJA--INFORMACIÓN GENERAL
campo de control de longitud fija 040908s1891 xx |||| | spa d
040 ## - FUENTE DE CATALOGACIÓN
Centro catalogador/agencia de origen CAM
Lengua de catalogación spa
Centro/agencia transcriptor CAM
100 1# - ENTRADA PRINCIPAL--NOMBRE DE PERSONA
Nombre de persona Martínez Vigil, Ramón,
Fechas asociadas al nombre 1840-1904
9 (RLIN) 129639
245 13 - MENCIÓN DEL TÍTULO
Título La antigua civilización de las Islas Filipinas
Resto del título : artículos publicados en la España Moderna /
Mención de responsabilidad, etc. Martinez Vigil, Obispo de Oviedo.
260 ## - PUBLICACIÓN, DISTRIBUCIÓN, ETC.
Lugar de publicación, distribución, etc. [S.l. :
Nombre del editor, distribuidor, etc. s.n.],
Fecha de publicación, distribución, etc. 1891.
300 ## - DESCRIPCIÓN FÍSICA
Extensión 38 p. ;
Dimensiones 24 cm.
500 ## - NOTA GENERAL
Nota general Todos los datos de la descripción tomados de la cub.
651 #4 - PUNTO DE ACCESO ADICIONAL DE MATERIA--NOMBRE GEOGRÁFICO
Nombre geográfico Filipinas-
Subdivisión general Historia.
9 (RLIN) 8658
852 ## - LOCALIZACIÓN
Ubicación ES-MaACL
Número de control de estantería T-695-F-11
Nota libre -- Enc. hol.
-- -- Enc. en un vol. facticio
Holdings
Estatus retirado Estado de pérdida Estado de daño No para préstamo Colección Biblioteca de origen Biblioteca actual Ubicación en estantería Fecha de adquisición Total de préstamos Signatura topográfica completa Código de barras Visto por última vez Precio de reemplazo Tipo de ítem Koha
        Colección de folletos Biblioteca del Ateneo de Madrid Biblioteca del Ateneo de Madrid Depósito folletos 17/01/2008   T-695-F-11 1166467 23/02/2023 23/02/2023 Folleto